| 000 | 00977nam a2200289 i 4500 | ||
|---|---|---|---|
| 001 | 7622 | ||
| 003 | ES-MaACL | ||
| 005 | 20250824201527.0 | ||
| 008 | 910307s1990 sp ||||1| spa d | ||
| 020 | _a84-86168-49-X | ||
| 020 | _a84-368-0512-7 | ||
| 080 | _a655(038) | ||
| 080 | _a46.316.4:655 | ||
| 245 | 0 | 0 |
_aDiccionario de la edición y de las artes gráficas / _cdirigido por John Dreyfus, François Richaudeau. |
| 260 |
_aMadrid : _bFundación Germán Sánchez Ruipérez : _bPirámide, _c1990. |
||
| 300 |
_a724 p. : _bil. ; _c26 cm. |
||
| 490 | 1 |
_aBiblioteca del libro ; _vU |
|
| 650 | 4 |
_aEdición- _vDiccionarios. _912051 |
|
| 650 | 1 | 4 |
_aImprenta- _vDiccionarios. _9148635 |
| 700 | 1 |
_aDreyfus, John. _9171995 |
|
| 700 | 1 |
_aRichaudeau, François. _9171996 |
|
| 830 | 1 | 0 |
_aBiblioteca del libro _vU _9177916 |
| 852 |
_aES-MaACL _jL-14898 |
||
| 852 |
_aES-MaACL _jA-15053 _9 7838 _cDEPO1 _dOlim: (038) 655 dic |
||
| 942 | _2udc | ||
| 999 |
_c7622 _d7622 |
||